NFL Leaders 2024-25 Season - Statistics

General Stats
  • This quiz has been taken 354 times
    311 since last reset
  • The average score is 5 of 14
Answers on the Grid
Answers color-coded by a green-red scale on the quiz's grid according to % correct below.
Josh Allen
Lamar Jackson
Joe Burrow
Ja'Marr Chase
Justin Jefferson
Brian Thomas jr
Saquan Barkley
Derrick Henry
Jonathan Taylor
Trey Hendrickson
Miles Garret
TJ Watt
Zaire Franklin
Kerby Joseph
Marlon Humpherey
Jahmyr Gibbs
Drake London
Dexter Lawrence II
Tyreek Hill
Brock Bowers
Travis Kelce
Chris Boswell
Kavonte Turpin
Cam Heyward
Jared Goff
Patrick Surtain II
 
Answer Stats
Answer % Correct
Ja'Marr Chase
72%
Joe Burrow
64%
Lamar Jackson
59%
Josh Allen
55%
Saquan Barkley
51%
Trey Hendrickson
36%
Brock Bowers
26%
Kerby Joseph
22%
Brian Thomas jr
18%
Chris Boswell
18%
Jahmyr Gibbs
16%
Kavonte Turpin
14%
TJ Watt
14%
Zaire Franklin
13%
No matching quizzes found
Score Distribution
Percent of People with Each Score
Percentile by Number Answered
Your Score History
You have not taken this quiz since the last reset